Trotski : revolucionario sin fronteras /

Guardado en:
Autor Principal: Marie, Jean-jacques
Otros Autores: Pons, Horacio, trad.
Formato: Libro
Publicado: Buenos Aires : Fondo de Cultura Económica, 2009
Materias:
Etiquetas: Agregar Etiqueta
Sin Etiquetas, Sea el primero en etiquetar este registro!
LEADER 00610nam a22001935a 4500
001 EHU.bham040615
003 AR-BHAM
005 20110228112622.0
008 130507s2009##################000#0#####d
020 |a 9789505578122 
082 9 2 |a 923 
100 1 |a Marie, Jean-jacques 
245 1 0 |a Trotski :  |b revolucionario sin fronteras /  |c  Jean-jacques Marie , Trad. Por Horacio Pons 
260 |a Buenos Aires :  |b Fondo de Cultura Económica,  |c 2009 
300 |a 624 p. 
600 1 4 |a Trotski, León 
653 |a Biografías 
700 1 |a Pons, Horacio, trad. 
859 |a AR-BHAM  |b BIB. HUMANIDADES - General  |h 923  |i T757m  |p 798.09  |t Ej.1